000
00219 a2200085 4500
245
_a
COLLEGIATE CULTURE AND LEADERSHIP STRATEGIES
_h
Text
100
_a
ELLEN E CHAFFEE.WILLIAM G TIERNEY
650
_a
CULTURE
005
20191017172614.0
084
_a
NONE
999
_c
9118
_d
9118